Geography Quiz

Random Geography or State Quiz

9-Letter US States Quiz Stats

 Plays Quiz Updated Apr 18, 2016

Support Sporcle.
Go Orange.
Score 0/6 Timer 01:00
0 Plays Today
State % Correct
New Jersey
60.7%
New Mexico
59.9%
Minnesota
57.7%
Tennessee
54.5%
Wisconsin
46.7%
Louisiana
46.2%

You're not logged in!

Compare scores with friends on all Sporcle quizzes.
OR
Log In

From the Vault

US States on Water

by citkeane

It's not just the coasts that hold claim to waterfront property.
Remove Ads.
Support Sporcle.
Get the best of Sporcle when you Go Orange. This ad-free experience offers more features, more stats, and more fun while also helping to support Sporcle. Thank you for becoming a member.

Show Comments

Extras

Top Quizzes Today


Score Distribution

Your Account Isn't Verified!

In order to create a playlist on Sporcle, you need to verify the email address you used during registration. Go to your Sporcle Settings to finish the process.

Report this User

Report this user for behavior that violates our Community Guidelines.

Details: